Formule 1 - Grand Prix de 2024 - Statistiques

Statistiques générales
  • Ce quiz a été pris 5 661 fois
  • Le résultat moyen est 19 sur 24
Statistiques - réponses
Hint Réponse % Correct
24 mars 2024 Melbourne, Australie
88%
26 mai 2024 Monaco, Monaco
88%
28 juillet 2024 Spa-Francorchamps, Belgique
86%
7 avril 2024 Suzuka, Japon
86%
23 juin 2024 Barcelone, Espagne
85%
2 mars 2024 Manama, Bahrein
85%
1er septembre 2024 Monza, Italie
85%
23 novembre 2024 Las Vegas, États-Unis
83%
5 mai 2024 Miami, États-Unis
83%
21 avril 2024 Shanghai, Chine
83%
9 mars 2024 Djeddah, Arabie Saoudite
80%
3 novembre 2024 Sao Paulo, Brésil
80%
27 octobre 2024 Mexico, Mexique
79%
7 juillet 2024 Silverstone, Grande-Bretagne
79%
1er décembre 2024 Losail, Qatar
78%
25 août 2024 Zandvoort, Pays-Bas
78%
19 mai 2024 Émilie Romagne, Imola, Italie
77%
9 juin 2024 Montréal, Canada
76%
22 septembre 2024 Singapour, Singapour
76%
30 juin 2024 Spielberg, Autriche
75%
21 juillet 2024 Budapest, Hongrie
72%
15 septembre 2024 Bakou, Azerbaïdjan
65%
20 octobre 2024 Austin, États-Unis
64%
8 décembre 2024 Abou Dhabi, Émirats Arabes Unis
63%
Aucun quiz correspondant
Distribution des résultats
% des personnes avec chaque résultat
Percentile par nombre de réponses
Votre historique - résultats
Vous n’avez pas pris ce quiz